| 000 | 00964nam a2200229 a 4500 | ||
|---|---|---|---|
| 001 | 56504 | ||
| 003 | BD-RjUL | ||
| 005 | 20211209080414.0 | ||
| 008 | 161129s1963 ii ||||| |||| 00| 0 ben d | ||
| 035 | _a(BD-RjUL)56628 | ||
| 040 |
_aBD-RjUL _bben _cBD-RjUL _dBD-RjUL |
||
| 041 | _aben | ||
| 082 |
_223 _a891.44109 _bCHS 1963 |
||
| 100 |
_aচক্রবর্ত্তী, জাহ্নবীকুমার _9158153 |
||
| 245 | 1 | 0 |
_aশাক্তপদাবলী ও শক্তিসাধনা / _cজাহ্নবীকুমার চক্রবর্ত্তী |
| 250 | _a৩য় সং. | ||
| 260 |
_aকলিকাতা : _bডি. এম. লাইব্রেরী, _c১৯৬৩ |
||
| 300 |
_a[১০], ৩১৬ পৃ. ; _c২২ সেমি. |
||
| 650 |
_aবাংলা কবিতা _xইতিহাস ও সমালোচনা _9158154 |
||
| 650 |
_aBengali Poetry _xHistory and Criticism _9158155 |
||
| 942 |
_2ddc _cBK |
||
| 999 |
_c56504 _d56504 |
||